Central Library OPAC University of Rajshahi

Selections from the Ḳur-án : (Record no. 32561)

MARC details
000 -LEADER
fixed length control field 01028nam a2200241 a 4500
001 - CONTROL NUMBER
control field 32561
003 - CONTROL NUMBER IDENTIFIER
rucl marc code BD-RjUL
005 - DATE AND TIME OF LATEST TRANSACTION
control field 20211209051845.0
008 - FIXED-LENGTH DATA ELEMENTS--GENERAL INFORMATION
fixed length control field 780629s1843 enk 000 0 eng
035 ## - SYSTEM CONTROL NUMBER
System control number (BD-RjUL)32650
040 ## - CATALOGING SOURCE
Original cataloging agency DLC
Transcribing agency NIC
Modifying agency DLC
-- BD-RjUL
Language of cataloging eng
041 1# - LANGUAGE CODE
Language code of text/sound track or separate title engara
082 ## - DEWEY DECIMAL CLASSIFICATION NUMBER
Edition number 23
Classification number 297.1227
Author mark and year SEL 1843
245 00 - TITLE STATEMENT
Title Selections from the Ḳur-án :
Remainder of title commonly called, in England, the Koran; with an interwoven commentary ; Translated from the Arabic, methodically arranged, and illustrated by notes, chiefly from Sale's edition: to which is prefixed an introduction, taken from Sale's preliminary discourse, with corrections and additions /
Statement of responsibility, etc. by Edward William Lane.
260 ## - PUBLICATION, DISTRIBUTION, ETC. (IMPRINT)
Place of publication, distribution, etc. London:
Name of publisher, distributor, etc. J. Madden,
Date of publication, distribution, etc. 1843.
300 ## - PHYSICAL DESCRIPTION
Pagination vii, 317 p.
Size 23 cm.
650 ## - SUBJECT ADDED ENTRY--TOPICAL TERM
Topical term or geographic name as entry element Qur'an
General subdivision Translating
-- Commentaries
9 (RLIN) 223472
Topical term or geographic name as entry element Islam.
9 (RLIN) 223473
700 1# - ADDED ENTRY--PERSONAL NAME
Personal name Lane, Edward William,
Dates associated with a name 1801-1876,
Relator term ed.
Personal name Sale, George,
Dates associated with a name 1697?-1736,
Relator term ed. & tr.
942 ## - ADDED ENTRY ELEMENTS (KOHA)
Source of classification or shelving scheme Dewey Decimal Classification
Koha item type Rare Books
Holdings
Lost status Source of classification or shelving scheme Damaged status Not for loan Collection code Permanent Location Current Location Shelving location Date acquired Source of acquisition Cost, normal purchase price Total Checkouts Full call number Date last seen Copy number Koha item type
  Dewey Decimal Classification   Not For Loan Rare Books Central Library, University of Rajshahi Central Library, University of Rajshahi Rare Book Section 23/11/1966 A. I. Quraishi 14.40   RA 297.1227 SEL 1843 09/10/2018 C-1 Rare Books